Drag Race France Queens - Images - Statistiques

Statistiques générales
  • Ce quiz a été pris 414 fois
  • Le résultat moyen est 27 sur 31
Statistiques - réponses
Par images Réponse % Correct
Keiona
95%
Magnetica
95%
Piche
95%
Mami Watta
94%
La Big Bertha
93%
Punani
93%
Kam Hugh
92%
La Grande Dame
92%
Le Filip
92%
Moon
92%
Paloma
92%
Kitty Space
90%
Misty Phoenix
90%
Lolita Banana
89%
Perseo
89%
Soa De Muse
89%
Elips
88%
Rose
88%
La Briochée
87%
Ginger Bitch
86%
Sara Forever
86%
Vespi
86%
Cookie Kunty
85%
Leona Winter
84%
Afrodite Amour
83%
Ruby On The Nail
83%
Lula Strega
82%
Lova La Diva
81%
Norma Bell
78%
La Kahena
77%
Edeha Noire
73%
Aucun quiz correspondant
Distribution des résultats
% des personnes avec chaque résultat
Percentile par nombre de réponses
Votre historique - résultats
Vous n’avez pas pris ce quiz